000 00312nam a22001337a 4500
008 170809b xxu||||| |||| 00| 0 eng d
020 _a9780984914371
041 _aeng
080 _a004
100 _a35
101 _aSHKI
245 _aTHE GUIDE & WORKBOOK FOR UNDERSTANDING XBRL
_cWHITE, C
942 _2udc
_cBK
999 _c22969
_d22969